Republiek Congo Trivia Quiz - Statistieken

Algemene statistieken
  • Deze quiz is 290 keer genomen
  • De gemiddelde score is 8 van 14
Antwoordstatistieken
Hint Antwoord % Correct
Rivier waaraan beide steden zich bevinden De Kongo
91%
Hoofdstad Brazzaville
90%
Officiële taal Frans
89%
Bekende breedtegraad waarop het land ligt Evenaar
81%
Grote stad ten zuiden van het bovenstaande Kinshasa
80%
‘isme’, dat de officiële ideologie was van het land tussen 1969–1992 Marxisme-Leninisme
68%
87% van de export is dit Olie
65%
Grote aangrenzende oceaangolf Golf van {Guinee}
60%
Het bovenstaande is de _____ rivier van de wereld Diepste
47%
Inheemse groep van kleine mensen die te maken heeft met extreme discriminatie en slavernij Pygmeeën
43%
Naam van het land in de tijd {Volksrepubliek} Congo
28%
Op één na meest bevolkte stad Pointe-Noire
25%
Belangrijk gewas, ook bekend als maniok or yuca Cassave
24%
Ethnische groep van meer dan de helft van de populatie Bakongo
13%
Geen overeenkomende quizzen gevonden
Scoreverdeling
Procent van Mensen met Elke Score
Percentiel versus Aantal Correcte Antwoorden
Uw Scoregeschiedenis
U heeft deze quiz nog niet genomen